000 00535nam a2200217Ia 4500
003 OSt
005 20220928140903.0
006 a|||||r|||| 00| 0
007 ta
008 220927b |||||||| |||| 00| 0 eng d
024 _a12322
037 _cTextual
040 _aSDCL
_cSDCL
_beng
041 _2eng
_aeng
082 _aO-,3M191,1:9, P2
100 _aMelville Herman
_9419451
245 0 _aMoby - dick.
260 _c2002
942 _hO-,3M191,1:9, P2
_cTEXL
_2CC
999 _c814731
_d814731